We want to be on the telly! / (Record no. 1910)

MARC details
000 -LEADER
fixed length control field 01758aam a22004211a 4500
003 - CONTROL NUMBER IDENTIFIER
control field Uk
005 - DATE AND TIME OF LATEST TRANSACTION
control field 20231010100955.0
020 ## - INTERNATIONAL STANDARD BOOK NUMBER
International Standard Book Number 9780141944098
Qualifying information (electronic bk.)
020 ## - INTERNATIONAL STANDARD BOOK NUMBER
International Standard Book Number 0141944099
Qualifying information (electronic bk.)
020 ## - INTERNATIONAL STANDARD BOOK NUMBER
Canceled/invalid ISBN 9780141328188
020 ## - INTERNATIONAL STANDARD BOOK NUMBER
Canceled/invalid ISBN 0141328185
040 ## - CATALOGING SOURCE
Original cataloging agency TEFOD
Language of cataloging eng
Transcribing agency TEFOD
Modifying agency OCLCQ
-- OCLCO
-- TEFOD
-- OCLCQ
-- OCLCF
-- OCLCO
-- OCLCQ
-- Uk
050 #4 - LIBRARY OF CONGRESS CALL NUMBER
Classification number PZ7.S92356
Item number We 2010eb
082 04 - DEWEY DECIMAL CLASSIFICATION NUMBER
Classification number 823.914
Edition number 23
100 1# - MAIN ENTRY--PERSONAL NAME
Personal name Strong, Jeremy,
Dates associated with a name 1949-
245 10 - TITLE STATEMENT
Title We want to be on the telly! /
Statement of responsibility, etc. Jeremy Strong ; illustrated by Rowan Clifford.
260 ## - PUBLICATION, DISTRIBUTION, ETC.
Place of publication, distribution, etc. London :
Name of publisher, distributor, etc. Puffin,
Date of publication, distribution, etc. 2010.
300 ## - PHYSICAL DESCRIPTION
Extent 110 pages :
Dimensions 18 cm
490 0# - SERIES STATEMENT
Series statement Pocket money Puffins
490 1# - SERIES STATEMENT
Series statement Laugh your socks off with Jeremy Strong
505 ## - FORMATTED CONTENTS NOTE
Formatted contents note K
520 ## - SUMMARY, ETC.
Summary, etc. The hilariously funny story of Heathrow (affectionately named after London's airport) whose TOTALLY EMBARRASSING parents will do anything to be on TV, even if it involves rice pudding or a racing car or a rhinoceros! But in the end it's Heathrow's quick thinking that makes the news headlines! Laugh your socks off with this highly silly story specially for Pocket Money Puffins.
521 ## - TARGET AUDIENCE NOTE
Target audience note 510 <br/>
Source Lexile
521 ## - TARGET AUDIENCE NOTE
Target audience note K <br/>
Source Raz-Plus
650 #0 - SUBJECT ADDED ENTRY--TOPICAL TERM
Topical term or geographic name entry element Television programs
Form subdivision Juvenile fiction.
650 #0 - SUBJECT ADDED ENTRY--TOPICAL TERM
Topical term or geographic name entry element Parent and child
Form subdivision Juvenile fiction.
650 #7 - SUBJECT ADDED ENTRY--TOPICAL TERM
Topical term or geographic name entry element Parent and child.
Source of heading or term fast
Authority record control number or standard number (OCoLC)fst01053308
650 #7 - SUBJECT ADDED ENTRY--TOPICAL TERM
Topical term or geographic name entry element Television programs.
Source of heading or term fast
Authority record control number or standard number (OCoLC)fst01147026
655 #0 - INDEX TERM--GENRE/FORM
Genre/form data or focus term Humorous stories.
655 #0 - INDEX TERM--GENRE/FORM
Genre/form data or focus term Children's stories.
655 #4 - INDEX TERM--GENRE/FORM
Genre/form data or focus term Electronic books.
655 #7 - INDEX TERM--GENRE/FORM
Genre/form data or focus term Fiction.
Source of term fast
Authority record control number or standard number (OCoLC)fst01423787
655 #7 - INDEX TERM--GENRE/FORM
Genre/form data or focus term Humorous fiction.
Source of term fast
Authority record control number or standard number (OCoLC)fst01726649
655 #7 - INDEX TERM--GENRE/FORM
Genre/form data or focus term Juvenile works.
Source of term fast
Authority record control number or standard number (OCoLC)fst01411637
700 1# - ADDED ENTRY--PERSONAL NAME
Personal name Clifford, Rowan.
942 ## - ADDED ENTRY ELEMENTS (KOHA)
Source of classification or shelving scheme Dewey Decimal Classification
Koha item type Books
Suppress in OPAC No
999 ## -
-- 1910
-- 1910
Holdings
Withdrawn status Lost status Source of classification or shelving scheme Damaged status Not for loan Collection Home library Current library Shelving location Date acquired Total Checkouts Full call number Barcode Date last seen Price effective from Koha item type
    Dewey Decimal Classification     Juvenile Fiction Footprints International School Library Network Toul Kork Campus Footprints International School Library Network Toul Kork Campus TK Primary Library Room(4th Floor), Bookcase 3&4, Shelves 17-32, Yellow Books 10/10/2023   STR 823.914 PZ7.S92356 FISTK05199 10/10/2023 10/10/2023 Books